Biblioteca

Presentación de informes : el documento final de investigación / Héctor Daniel Lerma (Registro nro. 43689)

Detalles MARC
000 -LÍDER
Campo fijo de descripción fija 010040000a22002290004500
001 - NÚMERO DE CONTROL
Campo de control 14870
020 ## - NÚMERO INTERNACIONAL NORMALIZADO PARA LIBROS
Número Internacional Normalizado del libro 958-648-350-9
041 0# - CÓDIGO DE IDIOMA
Código de idioma para texto/pista de sonido o título separado
082 04 - NÚMERO DE CLASIFICACIÓN DECIMAL DEWEY
Número de clasificación G 001.42 L6161p
100 1# - ASIENTO PRINCIPAL--NOMBRE PERSONAL
Nombre personal Lerma, Hector Daniel
245 10 - TÍTULO
Título del Material Presentación de informes : el documento final de investigación / Héctor Daniel Lerma
250 ## - MENCIÓN DE EDICIÓN
Mención de edición 2 ed.
260 ## - PUBLICACIÓN, DISTRIBUCIÓN, ETC. (PIE DE IMPRENTA)
Lugar de publicación, distribución, etc. Bogotá : Ecoe
300 ## - DESCRIPCIÓN FÍSICA
Extensión 93 Pag.
336 ## - CONTENT TYPE
Content type term texto
Content type code txt
Source rdacontent
337 ## - MEDIA TYPE
Source rdamedia
Media type term sin mediación
Media type code n
338 ## - CARRIER TYPE
Source rdacarrier
Carrier type term volumen
Carrier type code nc
505 00 - NOTA DE CONTENIDO
Nota de contenido con formato preestablecido Elementos preliminares -- Cuerpo del trabajo -- Elementos complementarios -- Redacción de capítulos -- Lista tablas -- Lista de figuras -- Lista de anexos.
650 14 - ASIENTO SECUNDARIO DE MATERIA - TERMINO TEMÁTICO
Término temático o nombre geográfico como elemento de entrada REDACCION DE ESCRITOS TECNICOS \ METODOLOGIA \ METODOLOGIA DE LA INVESTIGACION \ ANALISIS DE LA INFORMACION \ INFORMES EDUCATIVOS
942 ## - TIPO DE MATERIAL (KOHA)
Tipo de Item KOHA Libros General
Existencias
Estado de Material Estado de Perdido Estado de Dañado No para Préstamo Colección Tomo Biblioteca de Origen Biblioteca Permanente Fecha de Adquisición Total de Préstamos Signatura Topográfica Código de Barras Última vez visto Ejemplar/Existencia Fecha de Remplazo Tipo de Material
        Colección General   Biblioteca FUSBC Biblioteca FUSBC 29/07/2008   G 001.42 L6161p 16919 06/06/2023 1 26/01/2016 Libros General

Biblioteca FUSBC | Teléfono: (57+4) 349 88 10 Ext. 141| WhatsApp (+57) 3005338115 
E-mail: biblioteca@unisbc.edu.co | Calle 76 87-14 Robledo Palenque, Medellín, Colombia

Con tecnología Koha